সচিবের কার্যপদ্ধতি = Secretarial practice / (Record no. 47159)
[ view plain ]
| 000 -LEADER | |
|---|---|
| fixed length control field | 01018nam a2200253 a 4500 |
| 001 - CONTROL NUMBER | |
| control field | 47159 |
| 003 - CONTROL NUMBER IDENTIFIER | |
| rucl marc code | BD-RjUL |
| 005 - DATE AND TIME OF LATEST TRANSACTION | |
| control field | 20211209054252.0 |
| 008 - FIXED-LENGTH DATA ELEMENTS--GENERAL INFORMATION | |
| fixed length control field | 160807s1989 bg ||||| |||| 00| 0 ben d |
| 020 ## - INTERNATIONAL STANDARD BOOK NUMBER | |
| Terms of availability | : Tk. 30.00 |
| 035 ## - SYSTEM CONTROL NUMBER | |
| System control number | (BD-RjUL)47278 |
| 040 ## - CATALOGING SOURCE | |
| Original cataloging agency | BD-RjUL |
| Language of cataloging | ben |
| Transcribing agency | BD-RjUL |
| 041 ## - LANGUAGE CODE | |
| Language code of text/sound track or separate title | ben |
| 082 ## - DEWEY DECIMAL CLASSIFICATION NUMBER | |
| Edition number | 23 |
| Classification number | 651 |
| Author mark and year | ANS 1989 |
| 100 1# - MAIN ENTRY--PERSONAL NAME | |
| Personal name | আনজুম, নাসিম |
| 9 (RLIN) | 143612 |
| 245 10 - TITLE STATEMENT | |
| Title | সচিবের কার্যপদ্ধতি = Secretarial practice / |
| Statement of responsibility, etc. | নাসিম আনজুম, দীপকেন্দ্র নাথ দাস |
| 260 ## - PUBLICATION, DISTRIBUTION, ETC. (IMPRINT) | |
| Place of publication, distribution, etc. | রাজশাহী : |
| Name of publisher, distributor, etc. | হোসনে আরা হেনা, |
| Date of publication, distribution, etc. | ১৯৮৯. |
| 300 ## - PHYSICAL DESCRIPTION | |
| Pagination | [৬], [২৮২] - ৪৬৭ পৃ. ; |
| Size | ২১ সেমি. |
| 504 ## - BIBLIOGRAPHY, ETC. NOTE | |
| Bibliography, etc | নির্ঘণ্ট সংযুক্ত |
| 650 ## - SUBJECT ADDED ENTRY--TOPICAL TERM | |
| Topical term or geographic name as entry element | অফিস ব্যবস্থাপনা. |
| 9 (RLIN) | 143613 |
| Topical term or geographic name as entry element | Office management. |
| 9 (RLIN) | 143614 |
| 700 ## - ADDED ENTRY--PERSONAL NAME | |
| Personal name | দাস, দীপকেন্দ্র নাথ |
| 942 ## - ADDED ENTRY ELEMENTS (KOHA) | |
| Source of classification or shelving scheme | Dewey Decimal Classification |
| Koha item type | Books |
| Lost status | Source of classification or shelving scheme | Damaged status | Not for loan | Collection code | Permanent Location | Current Location | Shelving location | Date acquired | Source of acquisition | Cost, normal purchase price | Total Checkouts | Full call number | Date last seen | Copy number | Koha item type |
|---|---|---|---|---|---|---|---|---|---|---|---|---|---|---|---|
| Dewey Decimal Classification | Not For Loan | Non-fiction | Central Library, University of Rajshahi | Central Library, University of Rajshahi | Reading Room | 26/02/1997 | Author | 0.00 | B 651 ANS 1989 | 07/08/2016 | C-1 | Books |